| 000 | 00671cab a2200205 4500 | ||
|---|---|---|---|
| 001 | WB3125-07 | ||
| 008 | 090401t1995 xxu||||| |||| 00| 0 eng d | ||
| 035 | _a(Sirsi) u15084 | ||
| 041 | _aeng | ||
| 245 | _aInstitutional investment | ||
| 260 | _c1995 | ||
| 350 | _a0 | ||
| 490 |
_aDaily Telegraph _v26 June 1995, 24(1) |
||
| 520 | _aInstitutional investment in property for 1Q 1995 is £410m compared to £202m for the previous quarter according to Government statistics. | ||
| 650 | _aINSTITUTIONAL INVESTMENT | ||
| 650 | _aPENSION FUNDS | ||
| 690 | _aPROPERTY-COMMERCIAL PROPERTY-COMMERCIAL PROPERTY FINANCE AND INVESTMENT | ||
| 942 | _n0 | ||
| 948 | _c04/03/1997 | ||
| 999 |
_c9854 _d9854 |
||